French vocabulary no.1 - Statistics

General Stats
  • This quiz has been taken 261 times
  • The average score is 8 of 20
Answer Stats
Hint Answer % Correct
a dog un chien
99%
a horse un cheval
90%
the sun le soleil
78%
a table une table
76%
a bed un lit
76%
a chair une chaise
68%
a rabbit un lapin
68%
the wind le vent
64%
a donkey un âne
30%
a rainbow un arc-en-ciel
28%
une armoire a wardrobe
26%
a snowflake un flocon de neige
14%
a swine un porc
14%
an attic un grenier
10%
veal le veau
8%
thunder le tonnerre
6%
pastry la pâtisserie
3%
a herring un hareng
3%
poultry la volaille
2%
rice pudding du riz au lait
1%
No matching quizzes found
Score Distribution
Percent of People with Each Score
Percentile by Number Answered
Your Score History
You have not taken this quiz